000 00207nam a22000857a 4500
008 170128b xxu||||| |||| 00| 0 eng d
100 _92603
_aGupta.S
245 _aThe World Today-4
260 _aNew Delhi
_bGRB
_c2012
999 _c5741
_d5741